000 00462nam a2200157Ia 4500
008 210716s2012 xx 000 0 und d
020 _a9780071759144
041 _aeng
082 _a332.6322 BROC
100 _aBrown, Constance M.
245 _aTechnical analysis: trading professional.
_bTrading professional.
250 _a1
260 _aNew Delhi
_bTata McGraw Hill Publishing Company Ltd
_c2012
300 _axiii,450
650 _aTraining & Development
999 _c209336
_d209336